000 00427nam a2200169Ia 4500
005 20250508162737.0
008 008 250505s9999 xx 000 0 eng d
037 _aReference
040 _aFEDL
_beng
_cFEDL
041 _aeng
_2eng
084 _a370, GIJ/RR
_qFEDL
100 _aGijubhai Badheka
_9758586
245 0 _aDivasvapna
300 _a97p.
942 _cREF
_h370, GIJ/RR
999 _c1378444
_d1378444